Češi: Šedou ekonomiku tolerovat nehodláme

Platobné karty ako účinný spôsob riešenia proti šedej ekomomike

Gespeichert in:
Bibliographische Detailangaben
Format: Buchkapitel
Sprache:Tschechisch
Schlagworte:
Tags: Tag hinzufügen
Keine Tags, Fügen Sie das erste Tag hinzu!

MARC

LEADER 00000naa a2200000 4500
001 0235949
005 20170921111300.0
041 0 |a cze 
044 |a CZ 
245 1 0 |a Češi: Šedou ekonomiku tolerovat nehodláme 
520 |a Platobné karty ako účinný spôsob riešenia proti šedej ekomomike 
610 2 0 |a ekonomika tieňová 
610 2 0 |a karty platobné 
610 2 0 |a platby bezhotovostné 
610 2 0 |a Česko